000 02139nam a2200409 a 4500
001 000032389
003 OSt
005 20250621074008.0
008 100407t1985 dr 001 0cspa d
040 _aDO-SdBNP
_bspa
_cBNPHU
082 _a923.17293
_bM385h 1985
_222
100 1 _aMartínez, Rufino
_938668
245 1 0 _aHombres dominicanos :
_bDeschamps, Heureaux y Luperón. Santana y Báez /
_cRufino Martínez ; notas y aclaraciones Manuel Marino Miniño Marión-Landais.
260 _aSanto Domingo :
_bSociedad Dominicana de Bibliófilos,
_c1985
_f
300 _a413 p. ;
_c24 cm.
490 1 _aSociedad Dominicana de Bibliófilos
500 _aIncluye índice de nombres y materias.
500 _aIncluye referencias bibliográficas y notas al pie de las páginas
504 _a
505 0 _tI.- Deschamps, Heureaux y Luperón :
_gA guisa de prólogo /
_rLuis C. del Castillo --
_tPrefacio del autor --
_tEugenio Deschamps --
_tUlises Heureaux --
_tGegorio Luperón --
_tLuperón y Heureaux --
_tII.- Santana y Báez :
_gPrefacio --
_tPedro Santana (1801-1864) --
_tBuenaventura Báez (1812-1884) --
_gÍndice de materias --
_gÍndice de nombres.
534 _aFacsímil : Hombres Dominicanos : Deschamps, Heureaux, Luperón
_b 1936
_cCiudad Trujillo, República Dominicana :
590 _aInventariado, 2020/VM
600 1 4 _aDeschamps. Eugenio
_y1861-1919
_950573
_d1861-1919
600 1 0 _a Heureaux, Ulises,
_d1845-1899
_9598
600 1 0 _aLuperón, Gregorio,
_d1839-1897
_9888
600 0 _aSantana, Pedro.
_d1801-1864
_96546
600 1 0 _aBáez, Buenaventura,
_d1812 -1944
_977576
650 4 _aPresidentes
_zRepública Dominicana
_xBiografías
_91790
650 4 _aDictadores
_zRepública Dominicana
_9601
_xHistoria
650 4 _aPolíticos
_zRepública Dominicana
_91349
_xHistoria
651 0 _aRepública Dominicana
_xPolítica y gobierno
_945
651 0 _aRepública Dominicana --
_xHistoria --
_y1844-1930
_91009
700 1 _aMiniño Marión-Landais, Manuel Marino,
_d1930-
_938577
830 0 _aSociedad Dominicana de Bibliófilos
_977577
910 _aVMateo / Validado. Control de calidad EMS.
942 _2ddc
_cLBS1
999 _c31880
_d31880